000
00215nam a2200097Ia 4500
008
240331s9999 xx 000 0 und d
082
_b
Jay
100
_a
Jayawardena,K
245
0
_a
Sokkan lokkan wuu wagayi
942
_c
L
999
_c
5061
_d
5061